The global economy in the 90s : A user's guide

The 1990s were an extraordinary, contradictory, and fascinating period of economic development. Specifically, the 'boom' of the 1990s and the way that it ended evoked many historical precedents, particularly, past bubbles and 'busts'. In this book, contributions by eminent econom...

全面介紹

Đã lưu trong:
書目詳細資料
主要作者: Orr, Bill
格式: 圖書
語言:Undetermined
出版: New York New York University 1992
主題:
標簽: 添加標簽
沒有標簽, 成為第一個標記此記錄!
Thư viện lưu trữ: Trung tâm Học liệu Trường Đại học Cần Thơ
LEADER 01170nam a2200205Ia 4500
001 CTU_223701
008 210402s9999 xx 000 0 und d
082 |a 330.9 
082 |b O.75 
100 |a Orr, Bill 
245 4 |a The global economy in the 90s : 
245 2 |b A user's guide 
245 0 |c Bill Orr 
260 |a New York 
260 |b New York University 
260 |c 1992 
520 |a The 1990s were an extraordinary, contradictory, and fascinating period of economic development. Specifically, the 'boom' of the 1990s and the way that it ended evoked many historical precedents, particularly, past bubbles and 'busts'. In this book, contributions by eminent economic historians examine key issues such as the causes and sustainability of productive growth in the U.S., the sluggish growth in Europe and stagnation in Japan. They assess whether, seen in long-run perspective, the 1990s does actually fall into a familiar pattern of economic activity or whether it represents a watershed in economic history. 
650 |a Tài chính quốc tế,International finance 
910 |a Trúc 
980 |a Trung tâm Học liệu Trường Đại học Cần Thơ